| 000 | 00000nam 2200000zi 4500 |
| 001 | 9.945370 |
| 003 | CaOODSP |
| 005 | 20241120113658 |
| 006 | m o d f |
| 007 | cr mn||||||||| |
| 008 | 241120s1971 onc ob f100 0 fre d |
| 040 | |aCaOODSP|bfre|erda|cCaOODSP |
| 043 | |an-cn--- |
| 086 | 1 |aCo41-1/6DF-PDF|zCo41-1/6DF |
| 245 | 00|aRapport du séminaire sur la cité câblée : |bUniversité d'Ottawa, 26-28 juin 1970. |
| 246 | 34|aCité câblée |
| 264 | 1|aOttawa : |bMinistère des communications, |c1971. |
| 300 | |a1 ressource en ligne (46 pages). |
| 336 | |atexte|btxt|2rdacontent/fre |
| 337 | |ainformatique|bc|2rdamedia/fre |
| 338 | |aressource en ligne|bcr|2rdacarrier/fre |
| 490 | 1 |aTélécommission étude ; |v6(d) |
| 500 | |aPublié aussi en anglais sous le titre : Seminar on the wired city : University of Ottawa - June 26, 27, 28, 1970. |
| 500 | |aÉdition numérisée de l'imprimé [par Innovation, sciences et développement économique Canada]. |
| 504 | |aComprend des références bibliographiques (pages 45-46). |
| 650 | 6|aCommunication|xAspect social|zCanada|vCongrès. |
| 650 | 6|aTélécommunications|zCanada|vCongrès. |
| 655 | 7|aActes de congrès|2rvmgf |
| 710 | 1 |aMinistère des communications, |eorganisme de publication. |
| 775 | 08|tSeminar on the wired city : |w(CaOODSP)9.945368 |
| 830 | #0|aTélécommission étude ;|v6(d).|w(CaOODSP)9.927948 |
| 856 | 40|qPDF|s1.05 Mo|uhttps://publications.gc.ca/collections/collection_2024/isde-ised/co41-1/Co41-1-6D-fra.pdf |